000 01026nam a2200337 a 4500
001 1999593
003 OSt
005 20140310184522.0
008 930907s1991 nyua j 000 1 eng d
010 _a 90051009
020 _a0670836222 :
_c$10.95
035 _a(OCoLC)23807690
040 _aCP
_cCP
_dOCoLC
_dNcGU
_dDLC
042 _alccopycat
050 0 4 _aPZ 7
_b.S41267Kn 1991
100 1 _aScieszka, Jon.
_923260
245 1 0 _aKnights of the kitchen table /
_cJon Scieszka.
260 _aNew York, N.Y. :
_bViking,
_c1991.
300 _a55 p. :
_bill. ;
_c22 cm.
490 1 _aTime warp trio
521 _aG4
526 _c630
650 1 _aKnights and knighthood
_xFiction.
_929835
650 1 _aAdventure and adventurers
_xFiction.
_929836
700 1 _aSmith, Lane,
_eill.
_929837
800 1 _aScieszka, Jon.
_tTime warp trio.
_929838
906 _a7
_bcbc
_ccopycat
_d3
_eocip
_f19
_gy-gencatlg
942 _2lcc
_cBK-SCHOLAS
999 _c35039
_d35039